000 00305nam a2200121 a 4500
008 100921s1959|||| d
245 1 0 _aPosledný z Udegejovcov
100 1 _aFadejev, A. Alexander
260 _bSlovenský spisovateľ
_aBratislava
_c1959
020 _c25
044 _axo
_cSK
041 _aslo
999 _c10575
_d10575